Quizzes
Events
Quiz Creation
Community
Videos
Private Events
Remove Ads
Sign In
Join for FREE
Feedback
Dark Mode
Quiz Categories
Sports
Geography
Music
Movies
Television
Just For Fun
Miscellaneous
History
Literature
Language
Science
Gaming
Entertainment
Religion
Holiday
For Kids
Quiz Lab
Recent
Popular Today
Quiz Kudos Today
Editor Picks
Curator Picks
Quizzes by...
Day
Popularity
Type
Ratings
Length
Year
Community
Subscriptions
Recent Discussions
Orange Saloon
Badges
Playlists
Quests
Create
Leaderboards
Showdown
Live 5
Trivia Bingo
Activity
Puzzle Library
Sporcle Events
Private Events
Virtual Trivia
Globe League
Become a Host
Pub Owners
SporcleCon
Opinionation
Our Games
Videos
Blog
Mobile Apps
Partnerships
Remove Ads and Go Orange
Feedback
Music
Pop Music
The Beatles
Song
Album
Lyrics
Bands
Singers
Artist
Clip
Rock
Rap
Classical
Billboard
Country Music
Kpop
Taylor Swift
Music
Pop Music
The Beatles
Song
Album
Lyrics
Bands
Singers
Artist
Clip
Rock
Rap
Classical
Billboard
Country Music
Kpop
Taylor Swift
Random Quiz
Search Sporcle
×
Quiz Lab
Quiz Lab
Music
Musical
Type in answers that appear in a list
Type in answers that appear in a list
Classic
Best Score? Go Orange.
Fabulous Lyrics (High School Musical 2) Stats
Can you name the Fabulous Lyrics (High School Musical 2)?
By
daHooman
15m
282 Questions
2,710 Plays
2,710 Plays
2,710 Plays
Comments
Comments
Give Quiz Kudos
Give Quiz Kudos
-
- Ratings
hide this ad
Replay
Link that replays current quiz
Next Quiz
Link to next quiz in quiz playlist
You Got
0%
They Got
Avg Score
83%
Avg Friend Score
Upgrade to see
Score Distribution
Jump to the score distribution portion of the page
Score
0/282
Timer
15:00
0
Plays Today
Answer
% Correct
I
99.2%
I
99.2%
I
99.2%
I
99.2%
I
99.2%
I
99.2%
I
99.2%
I
99.2%
I
99.2%
I
99.2%
I
99.2%
I
99.2%
I
99.2%
I
99.2%
the
98.3%
and
98.3%
the
98.3%
A
98.3%
the
98.3%
A
98.3%
the
98.3%
The
98.3%
And
98.3%
and
98.3%
and
98.3%
and
98.3%
a
98.3%
and
98.3%
a
98.3%
and
98.3%
and
98.3%
a
98.3%
and
98.3%
and
98.3%
a
98.3%
a
98.3%
and
98.3%
a
98.3%
to
96.6%
to
96.6%
to
96.6%
to
96.6%
to
96.6%
to
96.6%
to
96.6%
to
96.6%
In
96.4%
in
96.4%
in
96.4%
spa
94.8%
fabulous
94.1%
fabulous
94.1%
fabulous
94.1%
fabulous
94.1%
fabulous
94.1%
fabulous
94.1%
Fabulous
94.1%
Fabulous
94.1%
Fabulous
94.1%
fabulous
94.1%
Fabulous
94.1%
fabulous
94.1%
fabulous
94.1%
fabulous
94.1%
fabulous
94.1%
fabulous
94.1%
fabulous
94.1%
Fabulous
94.1%
Fabulous
94.1%
fabulous
94.1%
fabulous
94.1%
Fabulous
94.1%
my
93.8%
my
93.8%
my
93.8%
my
93.8%
my
93.8%
go
93.4%
go
93.4%
imported
92.7%
imported
92.7%
imported
92.7%
imported
92.7%
from
92.5%
from
92.5%
from
92.5%
from
92.5%
me
92.2%
is
92.2%
me
92.2%
Is
92.2%
me
92.2%
is
92.2%
is
92.2%
Answer
% Correct
is
92.2%
me
92.2%
is
92.2%
is
92.2%
me
92.2%
Is
92.2%
Turkey
92.1%
turkey
92.1%
want
91.8%
want
91.8%
pool
91.8%
pool
91.8%
that
91.4%
that
91.4%
that
91.4%
that
91.4%
That
91.4%
that
91.4%
that
91.4%
be
91.2%
need
90.6%
need
90.6%
need
90.6%
need
90.6%
need
90.6%
need
90.6%
need
90.6%
need
90.6%
request
90.4%
request
90.4%
request
90.4%
simple
90.3%
simple
90.3%
simple
90.3%
so
90%
so
90%
so
90%
Spain
89.7%
better
89.1%
better
89.1%
better
89.1%
you
88.9%
You
88.9%
All
88.9%
All
88.9%
All
88.9%
England
88.7%
Towels
88.7%
trip
88.5%
dip
88.5%
Maine
88.5%
things
88.1%
things
88.1%
things
88.1%
wrong
87.3%
wrong
87.3%
wrong
87.3%
it
87%
get
86.5%
get
86.5%
get
86.5%
whole
86.2%
tea
86.1%
help
85.7%
help
85.7%
help
85.7%
world
85.6%
little
85.6%
little
85.6%
little
85.6%
best
85.5%
best
85.5%
best
85.5%
bigger
85.1%
Bigger
85.1%
bigger
85.1%
along
85%
along
85%
along
85%
do
84.9%
do
84.9%
of
84%
of
84%
something
84%
something
84%
something
84%
new
83.5%
blue
83.5%
out
83.3%
with
83.3%
with
83.3%
Hello
83.1%
according
82.9%
old
82.6%
Answer
% Correct
Goodbye
82.5%
skies
82.4%
relax
82.3%
Iced
82.2%
inspiring
82.2%
inspiring
82.2%
inspiring
82.2%
Lifeguards
81.3%
It's
80.9%
for
80.4%
for
80.4%
more
80.3%
more
80.3%
gray
79.7%
clouds
79.7%
Thank
78.5%
Excuse
77.5%
Where
77.4%
pink
77.1%
gonna
76.8%
hair
76.1%
flip-flops
74.6%
then
74.6%
can
74.2%
She
73.7%
She
73.7%
She
73.7%
She
73.7%
She
73.7%
She
73.7%
like
73.5%
like
73.5%
like
73.5%
renew
73.4%
Tiffany
73.3%
Prada
72.5%
hairband
72.2%
moi
71.6%
her
71.6%
her
71.6%
her
71.6%
her
71.6%
needs
71%
needs
71%
needs
71%
needs
71%
We're
70.8%
float
70.3%
Jimmy
70.1%
wants
70%
wants
70%
days
69.5%
Fetch
69.4%
tote
68.6%
Summer
68.5%
NOT
68.5%
everything
68.3%
before
67.6%
never
67.4%
Choo
66.9%
got
65.9%
got
65.9%
This
65.5%
this
65.5%
That's
64%
That's
64%
perfect
62.1%
Endless
61.1%
bore
60.4%
won't
60%
insulting
58.5%
have
58.1%
what
57.8%
nothing
57.5%
see
56.7%
lot
56.5%
Everything's
55.9%
absolutely
55.7%
Absolutely
55.7%
shades
55.1%
She's
55.1%
discuss
52.6%
Even
52.3%
parties
49.2%
trash
48.2%
fashion
45.6%
Oh
43.9%
bling
41.2%
splash
37.9%
There's
35.4%
smile
30.7%
Give
26.8%
eyes
25.4%
style
25.3%
Quiz Playlist
Details
Report
Send in Message
Add To Playlist
Classic:
Type in answers that appear in a list
Last Updated: May 13, 2017
Quiz Scoreboard
CHALLENGE
Sign Up to Join the Scoreboard
Show All
Scores
Hide
Comments
May contain spoilers
Recently Published
Click the 1999 NBA Draft
by nibperrychub
Sports
2m
Alphabetical 'K' Countries by Flag Minefield
by ylime102
Geography
3m
Pick 6: Fruits
by JohnFran
Miscellaneous
15s
More to Explore
Quiz From the Vault
Featured Blog Post
15 Basketball Trivia Facts You Can Be March Mad About
hide this ad
You Might Also Like...
Tags
Musical Quiz
Fabulous
High School
school
Today's Top Quizzes in Music
Browse Music
hide this ad
Today's Top Quizzes in Musical
Browse Musical
Top Contributed Quizzes in Music
1
Taylor Swift All Songs (2024)
2
KPOP LOGIC QUIZ
3
A Taylor Swift Logic Puzzle
4
Guess the Taylor Swift song (Mystery Song)
5
K-Pop Murder Mystery Logic Quiz
6
Taylor Swift Logic Puzzle
7
Guess The Taylor Swift Lyrics Song #1
8
kpop group name match up
9
NCT 2020 Logic Puzzle
10
K-Pop : 100 Debut Songs (Part 1 of 3)
Explore More
Trending Topics
Marvel
Anime
Crossword
Kpop
NBA
Disney
Harry Potter
Song
Pokémon
Puzzle
Soccer
Country
NFL
WWE
The Office
hide this ad
More By:
daHooman
Quiz
Plays
Rating
Category
Featured
Created
Fabulous Lyrics (High School Musical 2)
2,710
3.50
Music
May 7, 2017
North Korean Dictators
51
History
Mar 24, 2017
Go to Creator's Profile
Score Distribution
Quiz Creator Spotlight
daHooman
Follow
Send a Message
Quizzes Created
-
Created Quiz Play Count
-
More By This Creator
Popular Quizzes Today
1
Countries of Asia Without Outlines Minefield
2
Find the US States - No Outlines Minefield
3
Pick 6: Fruits
4
Alphabetical 'K' Countries by Flag Minefield
5
The Countries of the World
6
Find the US States
7
US States
8
Match the Book to the Film X
More Music Quizzes
Ain't No Sunshine in These Songs
Editor's Pick
Trending Quizzes
Pick 6: Harry Potter
Pick 6: Mountains
Pick 6: NFL Teams
Pick 6: Movie Franchises
Pick 6: Golfers
Recently Updated
NWSL Teams
pecheneg
Women's Final Four Teams by Year
bhenderson79
Presidents Quartet II
eogle
Anything But Clue(do)
eogle
Anything But Oceanian Capitals
eogle
Anything But 7
eogle
Anything But Thing
eogle
Word Ladder: February 29
pecheneg
Song Title Questions
pecheneg
Women's NCAA Tournament #1 Seeds
pecheneg
Trending Topics
Marvel
NBA
Disney
Harry Potter
Crossword
Kpop
Anime
Country
The Office
Soccer
Pokémon
Song
Puzzle
WWE
NFL
Your Account Isn't Verified!
In order to create a playlist on Sporcle, you need to verify the email address you used during registration. Go to your
Sporcle Settings
to finish the process.
Report this User
Report this user for behavior that violates our
Community Guidelines
.
Details:
Send Report
Go to the Sporcle.com Mobile Site →
Comments